La universidad en el siglo xx
Enregistré dans:
| Collectivité auteur: | |
|---|---|
| Format: | Livre |
| Langue: | espagnol |
| Publié: |
Lima
Lumen
1951
|
| Sujets: | |
| Tags: |
Ajouter un tag
Pas de tags, Soyez le premier à ajouter un tag!
|
MARC
| LEADER | 00000nam a2200000 a 4500 | ||
|---|---|---|---|
| 001 | UCX4203 | ||
| 003 | CL-VaPUC | ||
| 008 | 920324e19510000PE |||||||||||||||||spa|d | ||
| 082 | 0 | 4 | |a 378 |b UNI |2 21 |
| 110 | 2 | |a Universidad Nacional Mayor de San Marcos |e author |9 320323 | |
| 245 | 1 | 3 | |a La universidad en el siglo xx |
| 300 | |a 404 p | ||
| 942 | |c BK | ||
| 945 | |d 19920324 00:00:00 | ||
| 260 | |a Lima |b Lumen |c 1951 | ||
| 650 | 0 | |a Educación superior |9 223851 | |
| 650 | 0 | |a Universidades |9 256317 | |
| 583 | |a last modification |c 19920324 00:00:00 |k Rodrigo Vera | ||
| 999 | |c 224738 |d 224736 | ||
| 952 | |0 0 |1 0 |4 0 |6 378_000000000000000_UNI_1951 |7 0 |8 P |9 221659 |a BIBEDU |b BIBEDU |c BIBEDU_PB |d 2019-11-15 |i 2904683 |o 378 UNI 1951 |p 2904683 |r 2024-01-25 |w 2019-11-15 |y BK |k FIL | ||
| 952 | |0 0 |1 0 |4 0 |6 378_000000000000000_UNI_1951 |7 0 |8 P |9 221660 |a BIBEDU |b BIBEDU |c BIBEDU_PB |d 2019-11-15 |i 1401262 |o 378 UNI 1951 |p 1401262 |r 2024-01-25 |w 2019-11-15 |y BK |k LIT | ||